| 000 | 00425nam a22001817a 4500 | ||
|---|---|---|---|
| 003 | MPLRDC | ||
| 005 | 20220104114510.0 | ||
| 008 | 210129b ||||| |||| 00| 0 eng d | ||
| 020 | _a957-8667-66-3 | ||
| 082 | _a539.8 LBL | ||
| 100 | _a不详 | ||
| 245 |
_a机智. 俏皮笑话 _c |
||
| 260 |
_a _b三丰出版社 _c1993 |
||
| 300 | _b平 | ||
| 490 | _a趣味消遣丛书. 6 | ||
| 650 | _a笑话 | ||
| 942 |
_cBK _o539.8 LBL |
||
| 999 |
_c7951 _d7941 |
||